Kelyānē deśāṭana. (Record no. 54989)

MARC details
000 -LEADER
fixed length control field 00627cam a22002411 4500
001 - CONTROL NUMBER
control field sa 63003261
003 - CONTROL NUMBER IDENTIFIER
control field DLC
005 - DATE AND TIME OF LATEST TRANSACTION
control field 20260227111940.0
008 - FIXED-LENGTH DATA ELEMENTS--GENERAL INFORMATION
fixed length control field 890629s1961 ii a 000 0 maro
010 ## - LIBRARY OF CONGRESS CONTROL NUMBER
LC control number sa 63003261
035 ## - SYSTEM CONTROL NUMBER
System control number (OCoLC)19947890
040 ## - CATALOGING SOURCE
Original cataloging agency DLC
Transcribing agency WaU
Modifying agency DLC
042 ## - AUTHENTICATION CODE
Authentication code premarc
043 ## - GEOGRAPHIC AREA CODE
Geographic area code a------
-- e------
050 00 - LIBRARY OF CONGRESS CALL NUMBER
Classification number G490
Item number .A87
100 1# - MAIN ENTRY--PERSONAL NAME
Personal name Atre, Prahlad Keshav,
Dates associated with a name 1898-1969.
245 10 - TITLE STATEMENT
Title Kelyānē deśāṭana.
260 ## - PUBLICATION, DISTRIBUTION, ETC.
Date of publication, distribution, etc. [1961]
300 ## - PHYSICAL DESCRIPTION
Extent 227 p.
Other physical details illus.
Dimensions 19 cm.
500 ## - GENERAL NOTE
General note In Marathi.
651 #0 - SUBJECT ADDED ENTRY--GEOGRAPHIC NAME
Geographic name Asia
General subdivision Description and travel.
651 #0 - SUBJECT ADDED ENTRY--GEOGRAPHIC NAME
Geographic name Europe
General subdivision Description and travel.

No items available.

Powered by Koha